000
00328nam a22001337a 4500
008
171027b xxu||||| |||| 00| 0 eng d
020
_a
9780321017543
041
_a
eng
080
_2
5TH
_a
336
100
_a
56
101
_a
FIN
245
_a
THE ECONOMICS OF MONEY,BANKING, AND FINANCIAL MARKETS
_c
EATON,J,W
942
_2
udc
_c
BK
999
_c
36135
_d
36135